|
|
|
|
| LEADER |
00000nam2a2200000 4500 |
| 001 |
288325 |
| 005 |
20231102000057.0 |
| 035 |
|
|
|a (RuTPU)RU\TPU\book\312788
|
| 090 |
|
|
|a 288325
|
| 100 |
|
|
|a 20150324d1981 km y0rusy50 ca
|
| 101 |
0 |
|
|a rus
|
| 102 |
|
|
|a RU
|
| 105 |
|
|
|a a z 001zy
|
| 200 |
0 |
|
|a Вып. 8
|
| 210 |
|
|
|d 1981
|
| 215 |
|
|
|a 98 с.
|c ил.
|
| 320 |
|
|
|a Библиография в конце статей
|
| 461 |
|
1 |
|0 (RuTPU)RU\TPU\book\218138
|t Сборник научно-методических статей по физике
|v Вып. 8
|d 1968-1991
|
| 606 |
1 |
|
|a Физика
|2 stltpush
|3 (RuTPU)RU\TPU\subj\63709
|9 80688
|
| 610 |
1 |
|
|a преподавание
|
| 610 |
1 |
|
|a методика преподавания
|
| 610 |
1 |
|
|a практикумы
|
| 610 |
1 |
|
|a лекционные демонстрации
|
| 610 |
1 |
|
|a теория относительности
|
| 610 |
1 |
|
|a магнитное поле
|
| 610 |
1 |
|
|a твердые тела
|
| 610 |
1 |
|
|a механические свойства
|
| 675 |
|
|
|a 53
|v 4
|
| 801 |
|
1 |
|a RU
|b 63413507
|c 20150324
|
| 801 |
|
2 |
|a RU
|b 63413507
|c 20180913
|g RCR
|
| 942 |
|
|
|c BK
|